LEADER 00722nam a2200193 i 4500 001 000000239943 003 CaOOAMICUS 005 20150320000000.0 008 150320s1843 it u000 u ita u 013 $a218848 040 $aSeMil$bita 245 10$aVol. 22. 300 $a317 p. 773 0 $aMoroni Romano, Gaetano$tDizionario di erudizione storico-ecclesiastica da s. Pietro sino ai nostri giorni specialmente intorno ai principali santi ....$dIn Venezia : Tipografia Emiliana, 1840.$g22$w()31604 850 $aSeMil 852 $aSeMil$W1$xVenegono$y1$m3D III 51 FA$j190289$B190289$CSeMilBibl$Z2$F201134 $8I 941 1 $a10 961 $aRecupero: Mantegazza 996 $6245$aVol. 22$9(OLS)http://semarc/title/298834 LEADER 00793nam a2200193 i 4500 001 000000028927 003 CaOOAMICUS 005 20180830125448.0 008 180830s1965 xxk u000 u und u 040 $aSeMil$bita 245 14$aThe Acts of the apostles /$ctranslators John W. Fraser ; editors David W. Torrance and Thomas F. Torrance. 300 $av. 700 1 $aFraser, John W.$0(OLS)http://semarc/name/13202 700 1 $aTorrance, Thomas Forsyth <1913-2007>.$0(OLS)http://semarc/name/13204 700 1 $aTorrance, David W.$0(OLS)http://semarc/name/13203 773 0 $aCalvin, Jean <1509-1564>$tCalvin's commentaries.$dEdinburgh : Oliver and Boyd, [1965?]$w()28928 774 0 $t1-13.$w()64556 774 0 $t14-28.$w()224112 996 $6245$aThe Acts of the apostles$9(OLS)http://semarc/title/39261